[Event "Voronezh op-A 18th"]
[Site "Voronezh"]
[Date "2014.06.21"]
[Round "9"]
[White "Karpenko, Artem"]
[Black "Kostin, Konstantin"]
[Result "1-0"]
[WhiteElo "2074"]
[BlackElo "2312"]
[PlyCount "63"]
[EventDate "2014.06.12"]
[EventType "swiss"]
[EventRounds "9"]
[EventCountry "RUS"]
[SourceTitle "CBM 160 Extra"]
[Source "ChessBase"]
[SourceDate "2014.07.01"]
[SourceVersion "1"]
[SourceVersionDate "2014.07.01"]
[SourceQuality "1"]

1. e4 c6 2. d4 d5 3. Nd2 dxe4 4. Nxe4 Bf5 5. Ng3 Bg6 6. Nf3 Nd7 7. Bd3 e6 8. 0-0 Ngf6 9. c4 Bd6 10. b3 a5 11. a3 0-0 12. Bxg6 hxg6 13. Bb2 a4 14. b4 Qc7 15. Qe2 Bxg3 16. fxg3 Rad8 17. Rae1 Qb8 18. Bc1 b6 19. Bg5 Qb7 20. Ne5 Rde8 21. Qf3 Nxe5 22. dxe5 Nh7 23. Be3 Qc7 24. Qf2 Rb8 25. Rd1 Rfc8 26. Rd6 b5 27. Rfd1 Nf8 28. Bc5 bxc4 29. Qd4 Ra8 30. g4 Re8 31. g5 Qb7 32. Qxc4 1-0

[Event "Nezhmetdinov Memorial 36th"]
[Site "Kazan"]
[Date "2014.06.04"]
[Round "5"]
[White "Kostin, Konstantin"]
[Black "Murzin, Lenar"]
[Result "0-1"]
[WhiteElo "2344"]
[BlackElo "2115"]
[PlyCount "100"]
[EventDate "2014.05.31"]
[EventType "swiss"]
[EventRounds "9"]
[EventCountry "RUS"]
[SourceTitle "CBM 160 Extra"]
[Source "ChessBase"]
[SourceDate "2014.07.01"]
[SourceVersion "1"]
[SourceVersionDate "2014.07.01"]
[SourceQuality "1"]

1. d4 Nf6 2. c4 e6 3. Nc3 Bb4 4. e3 0-0 5. Nge2 d5 6. a3 Be7 7. cxd5 exd5 8. Nf4 c6 9. Bd3 Bd6 10. 0-0 Re8 11. Bc2 Nbd7 12. f3 Qc7 13. g3 Bxf4 14. exf4 Nb6 15. f5 Nc4 16. Re1 Bd7 17. b3 Rxe1+ 18. Qxe1 Re8 19. Qf2 Qa5 20. Ne2 Nd6 21. g4 h6 22. Bf4 Nb5 23. b4 Qb6 24. Bd3 a5 25. bxa5 Qxa5 26. h4 Qa4 27. Kg2 c5 28. dxc5 Rxe2 29. Qxe2 Qxf4 30. Bxb5 Bxb5 31. Qxb5 Nxg4 32. fxg4 Qxg4+ 33. Kf1 Qxf5+ 34. Ke2 Qe5+ 35. Kd3 Qxa1 36. Qxb7 Qd1+ 37. Ke3 Qc1+ 38. Kd4 Qc4+ 39. Ke5 Qxc5 40. Qb8+ Kh7 41. Qb4 f6+ 42. Ke6 Qxb4 43. axb4 d4 44. b5 d3 45. b6 d2 46. b7 d1Q 47. b8Q Qg4+ 48. Kf7 Qh5+ 49. Kf8 Qc5+ 50. Kf7 Qd5+ 0-1

[Event "Nezhmetdinov Memorial 36th"]
[Site "Kazan"]
[Date "2014.05.31"]
[Round "1"]
[White "Kostin, Konstantin"]
[Black "Mardakhaev, Semen"]
[Result "1-0"]
[WhiteElo "2344"]
[BlackElo "1917"]
[PlyCount "65"]
[EventDate "2014.05.31"]
[EventType "swiss"]
[EventRounds "9"]
[EventCountry "RUS"]
[SourceTitle "CBM 160 Extra"]
[Source "ChessBase"]
[SourceDate "2014.07.01"]
[SourceVersion "1"]
[SourceVersionDate "2014.07.01"]
[SourceQuality "1"]

1. d4 Nf6 2. c4 g6 3. Nc3 Bg7 4. e4 d6 5. Be2 0-0 6. Bg5 c5 7. d5 Na6 8. h3 h6 9. Bf4 Qa5 10. Bd2 Bd7 11. Nf3 Ne8 12. 0-0 Qd8 13. Re1 e6 14. dxe6 Bxe6 15. Nd5 Nac7 16. Bd3 Bxd5 17. exd5 b5 18. cxb5 Nxd5 19. Be4 Nef6 20. Bxd5 Nxd5 21. Bxh6 Bxh6 22. Qxd5 Qf6 23. Re2 Rab8 24. a4 Rfe8 25. Rae1 Rxe2 26. Rxe2 Bc1 27. b3 Kg7 28. g3 Rb6 29. Re8 a6 30. Qa8 axb5 31. Rh8 Qe7 32. Rh4 Bh6 33. Rxh6 1-0

[Event "Chigorin Memorial 21st"]
[Site "St Petersburg"]
[Date "2013.10.13"]
[Round "9"]
[White "Kukhmazov, Arsen"]
[Black "Kostin, Konstantin"]
[Result "1/2-1/2"]
[WhiteElo "2239"]
[BlackElo "2337"]
[PlyCount "117"]
[EventDate "2013.10.05"]
[EventType "swiss"]
[EventRounds "9"]
[EventCountry "RUS"]
[SourceTitle "CBM 156 Extra"]
[Source "ChessBase"]
[SourceDate "2013.10.22"]
[SourceVersion "1"]
[SourceVersionDate "2013.10.22"]
[SourceQuality "1"]

1. d4 Nf6 2. c4 e6 3. Nf3 b6 4. a3 Bb7 5. Nc3 d5 6. Bg5 Be7 7. Qa4+ Bc6 8. Qb3 dxc4 9. Qxc4 0-0 10. Bxf6 Bxf6 11. e4 a6 12. Be2 Bb7 13. Rc1 Nd7 14. 0-0 c5 15. dxc5 bxc5 16. Rfd1 Qe7 17. Rc2 Rfc8 18. Qd3 Bc6 19. Rcd2 h6 20. Qe3 Ne5 21. Ne1 Ng6 22. Nf3 Ne5 23. Ne1 g5 24. g3 g4 25. Rd6 Kg7 26. Ng2 Ng6 27. Bxg4 Bd4 28. R1xd4 cxd4 29. Qxd4+ Qf6 30. Ne3 Qxd4 31. Rxd4 Rd8 32. Nc2 Rab8 33. b4 Rdc8 34. Ne3 Bb5 35. Nxb5 axb5 36. Be2 Ne5 37. f4 Rc3 38. Nd1 Rc2 39. Bh5 Nc4 40. Rd7 Rf8 41. Ra7 Rd2 42. e5 Kh8 43. Nc3 Ne3 44. Rc7 Rg2+ 45. Kh1 Rc2 46. h3 Nf5 47. Kg1 Nxg3 48. Bf3 Rg8 49. Nxb5 Ne4+ 50. Kh1 Ng3+ 51. Kg1 Rb2 52. Nd6 Ne4+ 53. Kh1 Nf2+ 54. Kh2 Rg7 55. Rc8+ Kh7 56. Ne8 Ne4+ 57. Kh1 Nf2+ 58. Kh2 Ne4+ 59. Kh1 1/2-1/2

[Event "Chigorin Memorial 21st"]
[Site "St Petersburg"]
[Date "2013.10.12"]
[Round "8"]
[White "Kostin, Konstantin"]
[Black "Ustinov, Alexey"]
[Result "1-0"]
[WhiteElo "2337"]
[BlackElo "2125"]
[PlyCount "53"]
[EventDate "2013.10.05"]
[EventType "swiss"]
[EventRounds "9"]
[EventCountry "RUS"]
[SourceTitle "CBM 156 Extra"]
[Source "ChessBase"]
[SourceDate "2013.10.22"]
[SourceVersion "1"]
[SourceVersionDate "2013.10.22"]
[SourceQuality "1"]

1. Nf3 Nf6 2. c4 g6 3. Nc3 d5 4. cxd5 Nxd5 5. Qb3 Nb6 6. d4 Bg7 7. Bf4 0-0 8. e3 c6 9. Be2 Bg4 10. 0-0 N8d7 11. Rfd1 Qc8 12. Bg3 Nf6 13. Rac1 Qe6 14. Qa3 h6 15. h3 Bh5 16. Bh2 g5 17. Ne5 Bxe2 18. Nxe2 Ne4 19. Nd3 f5 20. Be5 Nd5 21. Re1 Qg6 22. Bxg7 Qxg7 23. f3 Nd6 24. Nc3 Nxe3 25. Rxe3 Qxd4 26. Qc5 Qf6 27. Qe5 1-0

[Event "Chigorin Memorial 21st"]
[Site "St Petersburg"]
[Date "2013.10.09"]
[Round "5"]
[White "Jumabayev, Rinat"]
[Black "Kostin, Konstantin"]
[Result "1/2-1/2"]
[WhiteElo "2568"]
[BlackElo "2337"]
[PlyCount "120"]
[EventDate "2013.10.05"]
[EventType "swiss"]
[EventRounds "9"]
[EventCountry "RUS"]
[SourceTitle "CBM 156 Extra"]
[Source "ChessBase"]
[SourceDate "2013.10.22"]
[SourceVersion "1"]
[SourceVersionDate "2013.10.22"]
[SourceQuality "1"]

1. Nf3 d5 2. g3 Nf6 3. Bg2 e6 4. c4 Be7 5. b3 0-0 6. Bb2 c5 7. e3 Nc6 8. 0-0 b6 9. Nc3 Bb7 10. cxd5 Nxd5 11. Nxd5 exd5 12. d4 Ba6 13. Re1 Rc8 14. dxc5 bxc5 15. Ne5 Nxe5 16. Bxe5 Bb7 17. Qg4 Bf6 18. Bxf6 Qxf6 19. Qd7 Qa6 20. Bxd5 Bxd5 21. Qxd5 Rfd8 22. Qe5 c4 23. bxc4 Rxc4 24. Rad1 Rcc8 25. Rxd8+ Rxd8 26. Qe7 Rc8 27. Rd1 h6 28. a3 Qe2 29. Qd7 Qc2 30. Kg2 Qe4+ 31. Kg1 Qc2 32. Qd3 Qb2 33. Kg2 Rc2 34. Qf5 Rd2 35. Qc8+ Kh7 36. Qf5+ Kg8 37. Qc8+ Kh7 38. Rxd2 Qxd2 39. Qf5+ Kg8 40. Qc8+ Kh7 41. Qb7 Qa5 42. Qxf7 Qxa3 43. e4 Qc5 44. h4 a5 45. h5 Qe5 46. Qg6+ Kh8 47. f4 Qb5 48. e5 a4 49. Qe4 a3 50. Qa8+ Kh7 51. Qe4+ Kh8 52. e6 Qxh5 53. f5 Qe8 54. Qd5 Kh7 55. Qd3 Qa8+ 56. Kh2 a2 57. f6+ Kh8 58. Qg6 Qg8 59. e7 a1Q 60. Qxg7+ Qxg7 1/2-1/2

[Event "Chigorin Memorial 21st"]
[Site "St Petersburg"]
[Date "2013.10.08"]
[Round "4"]
[White "Kostin, Konstantin"]
[Black "Ivanov, Sergei V"]
[Result "1-0"]
[WhiteElo "2337"]
[BlackElo "2053"]
[PlyCount "159"]
[EventDate "2013.10.05"]
[EventType "swiss"]
[EventRounds "9"]
[EventCountry "RUS"]
[SourceTitle "CBM 156 Extra"]
[Source "ChessBase"]
[SourceDate "2013.10.22"]
[SourceVersion "1"]
[SourceVersionDate "2013.10.22"]
[SourceQuality "1"]

1. b3 e5 2. Bb2 Nc6 3. e3 g6 4. f4 Bg7 5. Nf3 f6 6. fxe5 fxe5 7. Bb5 Nge7 8. e4 a6 9. Be2 d5 10. 0-0 0-0 11. exd5 Nxd5 12. Bc4 Be6 13. Nc3 Nf4 14. Bxe6+ Nxe6 15. Ne4 Qd5 16. d3 Ned4 17. Nxd4 Nxd4 18. Bxd4 exd4 19. Qg4 Qc6 20. Rxf8+ Rxf8 21. Rf1 Rxf1+ 22. Kxf1 h6 23. Qe2 h5 24. h4 b5 25. Ke1 a5 26. Kd1 Bf6 27. g4 hxg4 28. Qxg4 Be7 29. h5 Kg7 30. a4 bxa4 31. bxa4 Kf7 32. Qf4+ Kg8 33. Qe5 Bf8 34. Nf6+ Kf7 35. Ne4 gxh5 36. Qxh5+ Qg6 37. Ng5+ Kg7 38. Qxg6+ Kxg6 39. Ne6 Bg7 40. Nxc7 Kf5 41. Kc1 Ke5 42. Kb2 Bf8 43. Kb3 Kd6 44. Nb5+ Kc5 45. c3 dxc3 46. Kxc3 Be7 47. d4+ Kd5 48. Kd3 Bb4 49. Nc3+ Kc6 50. Kc4 Bf8 51. Ne4 Bb4 52. Nc5 Kd6 53. Nd3 Bd2 54. Nf2 Bb4 55. Ne4+ Ke6 56. Nf2 Kd6 57. Ng4 Kc6 58. Ne3 Bf8 59. Kd3 Bb4 60. Ke4 Kd6 61. Nf5+ Ke6 62. Ne3 Kd6 63. Nc4+ Ke6 64. d5+ Kd7 65. Kd4 Ke7 66. Ne3 Kd7 67. Nf5 Ba3 68. Ng3 Bb2+ 69. Kc5 Ba3+ 70. Kc4 Kd6 71. Ne4+ Kd7 72. Nc5+ Kc7 73. Ne4 Bb4 74. Kd4 Kd7 75. Ke5 Be7 76. d6 Bd8 77. Kd5 Bb6 78. Nc5+ Ke8 79. Kc6 Bd8 80. Nb7 1-0

[Event "Chigorin Memorial 21st"]
[Site "St Petersburg"]
[Date "2013.10.07"]
[Round "3"]
[White "Hovhannisyan, Robert"]
[Black "Kostin, Konstantin"]
[Result "1-0"]
[WhiteElo "2599"]
[BlackElo "2337"]
[PlyCount "51"]
[EventDate "2013.10.05"]
[EventType "swiss"]
[EventRounds "9"]
[EventCountry "RUS"]
[SourceTitle "CBM 156 Extra"]
[Source "ChessBase"]
[SourceDate "2013.10.22"]
[SourceVersion "1"]
[SourceVersionDate "2013.10.22"]
[SourceQuality "1"]

1. e4 c6 2. d4 d5 3. e5 c5 4. dxc5 Nc6 5. a3 Nxe5 6. Bb5+ Nc6 7. b4 Nf6 8. Bb2 e6 9. Nf3 Be7 10. 0-0 0-0 11. Nbd2 Bd7 12. Bd3 a5 13. b5 Na7 14. a4 Bxc5 15. Ne5 Nc8 16. c4 Ne7 17. cxd5 Nexd5 18. Rc1 Be7 19. Rc4 Be8 20. Qf3 Nd7 21. Nxd7 Bxd7 22. Bxh7+ Kxh7 23. Qh5+ Kg8 24. Bxg7 f5 25. Be5 Rf6 26. Rh4 1-0

[Event "Chigorin Memorial 21st"]
[Site "St Petersburg"]
[Date "2013.10.05"]
[Round "1"]
[White "Krasnikov, Mikhail"]
[Black "Kostin, Konstantin"]
[Result "0-1"]
[WhiteElo "1846"]
[BlackElo "2337"]
[PlyCount "64"]
[EventDate "2013.10.05"]
[EventType "swiss"]
[EventRounds "9"]
[EventCountry "RUS"]
[SourceTitle "CBM 156 Extra"]
[Source "ChessBase"]
[SourceDate "2013.10.22"]
[SourceVersion "1"]
[SourceVersionDate "2013.10.22"]
[SourceQuality "1"]

1. d4 Nf6 2. c4 e6 3. Nf3 b6 4. a3 Bb7 5. Nc3 d5 6. cxd5 Nxd5 7. Qc2 Be7 8. e4 Nxc3 9. bxc3 0-0 10. Bd3 c5 11. 0-0 Qc7 12. c4 cxd4 13. Nxd4 Rd8 14. Bb2 Nd7 15. Nb5 Qc6 16. f4 Nc5 17. Nd4 Qc7 18. e5 Nxd3 19. Qxd3 Rxd4 20. Bxd4 Rd8 21. f5 Rxd4 22. Qh3 Rd2 23. fxe6 Rxg2+ 24. Qxg2 Bc5+ 25. Kh1 Bxg2+ 26. Kxg2 Qc6+ 27. Kg3 Qxe6 28. Rfe1 h5 29. h3 Qg6+ 30. Kh2 Bf2 31. Rg1 Bxg1+ 32. Rxg1 Qc2+ 0-1

[Event "Moscow IM 09"]
[Site "Moscow"]
[Date "2013.09.21"]
[Round "9"]
[White "Kostin, Konstantin"]
[Black "Arustamian, Artur"]
[Result "1-0"]
[WhiteElo "2301"]
[BlackElo "2386"]
[PlyCount "87"]
[EventDate "2013.09.11"]
[EventType "tourn"]
[EventRounds "9"]
[EventCountry "RUS"]
[EventCategory "2"]
[SourceTitle "EXT 2014"]
[Source "ChessBase"]
[SourceDate "2013.11.20"]
[SourceVersion "1"]
[SourceVersionDate "2013.11.20"]
[SourceQuality "1"]

1. d4 d5 2. c4 dxc4 3. e4 e5 4. Nf3 exd4 5. Bxc4 Bb4+ 6. Nbd2 Nc6 7. 0-0 Nf6 8. a3 Be7 9. e5 Nd5 10. Qb3 Na5 11. Qa4+ c6 12. Ba2 b5 13. Qxd4 0-0 14. h3 Be6 15. Ne4 h6 16. Bd2 Nc4 17. Bxc4 bxc4 18. Rac1 Qc7 19. Rxc4 Rfc8 20. Rfc1 Qb7 21. Nd6 Bxd6 22. exd6 Qd7 23. Bb4 Nxb4 24. Ne5 Qd8 25. Rxb4 Bd5 26. Qc5 Qg5 27. Nf3 Qg6 28. Rg4 Qf6 29. b4 Rd8 30. Nd4 Kh8 31. Nxc6 Rxd6 32. Nxa7 Rad8 33. Nb5 Rc6 34. Qe3 Rxc1+ 35. Qxc1 Bc6 36. Nd4 Bd7 37. Rf4 Qd6 38. Ne2 Ra8 39. Rd4 Qe7 40. Qc7 Qxe2 41. Rxd7 Rxa3 42. Rxf7 Ra1+ 43. Kh2 Qb2 44. Qc8+ 1-0

[Event "Moscow IM 09"]
[Site "Moscow"]
[Date "2013.09.16"]
[Round "5"]
[White "Kostin, Konstantin"]
[Black "Prosviriakov, Vladimir"]
[Result "1/2-1/2"]
[WhiteElo "2301"]
[BlackElo "2307"]
[PlyCount "27"]
[EventDate "2013.09.11"]
[EventType "tourn"]
[EventRounds "9"]
[EventCountry "RUS"]
[EventCategory "2"]
[SourceTitle "EXT 2014"]
[Source "ChessBase"]
[SourceDate "2013.11.20"]
[SourceVersion "1"]
[SourceVersionDate "2013.11.20"]
[SourceQuality "1"]

1. Nf3 d5 2. c4 dxc4 3. e3 e6 4. Bxc4 Nf6 5. d4 a6 6. 0-0 c5 7. Nc3 Be7 8. dxc5 Qxd1 9. Rxd1 Bxc5 10. Bd2 Nc6 11. a3 b5 12. Be2 Bb7 13. Rac1 Be7 14. Kf1 1/2-1/2

[Event "Moscow IM 09"]
[Site "Moscow"]
[Date "2013.09.14"]
[Round "3"]
[White "Klyuev, Alexander S"]
[Black "Kostin, Konstantin"]
[Result "1/2-1/2"]
[WhiteElo "2259"]
[BlackElo "2301"]
[PlyCount "36"]
[EventDate "2013.09.11"]
[EventType "tourn"]
[EventRounds "9"]
[EventCountry "RUS"]
[EventCategory "2"]
[SourceTitle "EXT 2014"]
[Source "ChessBase"]
[SourceDate "2013.11.20"]
[SourceVersion "1"]
[SourceVersionDate "2013.11.20"]
[SourceQuality "1"]

1. e4 c5 2. Nf3 d6 3. d4 cxd4 4. Nxd4 Nf6 5. Nc3 a6 6. Be2 e5 7. Nb3 Be7 8. 0-0 0-0 9. Be3 Be6 10. Qd2 Nbd7 11. Rfd1 Qc7 12. a4 b6 13. Rac1 Nc5 14. Nxc5 dxc5 15. Qe1 c4 16. Bg5 Rad8 17. Bxf6 Bxf6 18. Nd5 Bxd5 1/2-1/2

[Event "Moscow Philidor Memorial"]
[Site "Moscow"]
[Date "2013.08.24"]
[Round "8"]
[White "Kostin, Konstantin"]
[Black "Prosviriakov, Vladimir"]
[Result "1/2-1/2"]
[WhiteElo "2301"]
[BlackElo "2307"]
[PlyCount "38"]
[EventDate "2013.08.13"]
[EventType "tourn"]
[EventRounds "9"]
[EventCountry "RUS"]
[EventCategory "2"]
[SourceTitle "CBM 156 Extra"]
[Source "ChessBase"]
[SourceDate "2013.10.22"]
[SourceVersion "1"]
[SourceVersionDate "2013.10.22"]
[SourceQuality "1"]

1. e4 e6 2. d4 d5 3. Nc3 Bb4 4. e5 c5 5. a3 Bxc3+ 6. bxc3 Ne7 7. Qg4 Qc7 8. Qxg7 Rg8 9. Qxh7 cxd4 10. Ne2 Nbc6 11. f4 Bd7 12. Qd3 dxc3 13. Qxc3 Nf5 14. Rb1 0-0-0 15. Rg1 d4 16. Qd3 Na5 17. Rb4 Nc6 18. Rb1 Na5 19. Rb4 Nc6 1/2-1/2

[Event "Moscow Philidor Memorial"]
[Site "Moscow"]
[Date "2013.08.22"]
[Round "6"]
[White "Kostin, Konstantin"]
[Black "Rozanov, Pavel B"]
[Result "1-0"]
[WhiteElo "2301"]
[BlackElo "2304"]
[PlyCount "47"]
[EventDate "2013.08.13"]
[EventType "tourn"]
[EventRounds "9"]
[EventCountry "RUS"]
[EventCategory "2"]
[SourceTitle "CBM 156 Extra"]
[Source "ChessBase"]
[SourceDate "2013.10.22"]
[SourceVersion "1"]
[SourceVersionDate "2013.10.22"]
[SourceQuality "1"]

1. d4 e6 2. e3 f5 3. g4 Nf6 4. gxf5 exf5 5. Nh3 d5 6. c4 c5 7. dxc5 Bxc5 8. a3 Nc6 9. b4 Bd6 10. Bb2 dxc4 11. Bxc4 Qe7 12. Ng5 Rf8 13. Nc3 Ne5 14. Be2 Bd7 15. Nb5 Bb8 16. Rc1 Bc6 17. Nd4 Bd7 18. Bb5 Qd6 19. Nxf5 Qxd1+ 20. Kxd1 Bc6 21. Bxe5 Bxe5 22. Rxc6 Nd7 23. Re6+ Kd8 24. Rxe5 1-0

[Event "Moscow Philidor Memorial"]
[Site "Moscow"]
[Date "2013.08.20"]
[Round "5"]
[White "Slavinsky, Petr"]
[Black "Kostin, Konstantin"]
[Result "0-1"]
[WhiteElo "2102"]
[BlackElo "2301"]
[PlyCount "106"]
[EventDate "2013.08.13"]
[EventType "tourn"]
[EventRounds "9"]
[EventCountry "RUS"]
[EventCategory "2"]
[SourceTitle "CBM 156 Extra"]
[Source "ChessBase"]
[SourceDate "2013.10.22"]
[SourceVersion "1"]
[SourceVersionDate "2013.10.22"]
[SourceQuality "1"]

1. e4 c5 2. d4 cxd4 3. c3 d5 4. exd5 Qxd5 5. Nf3 Bg4 6. cxd4 Bxf3 7. gxf3 Nc6 8. Nc3 Qxd4 9. Qxd4 Nxd4 10. Nb5 Ne6 11. Be3 a6 12. Rc1 Nf6 13. f4 g6 14. Nc7+ Nxc7 15. Rxc7 Bg7 16. Bg2 0-0 17. Bxb7 Rad8 18. Bxa6 Nd5 19. Rb7 Ra8 20. Bc4 Nxe3 21. fxe3 Rfc8 22. b3 Rxa2 23. 0-0 Bf6 24. Rd1 Rb2 25. Rbd7 Ra8 26. Rd8+ Rxd8 27. Rxd8+ Kg7 28. Rd7 Bh4 29. h3 Kf6 30. e4 Kg7 31. Rb7 Rc2 32. Bd5 Kh6 33. Bxf7 g5 34. fxg5+ Kxg5 35. Rxe7 Kf4 36. Re8 Bf2+ 37. Kf1 Bc5 38. e5 Rf2+ 39. Ke1 Ke3 40. Bc4 Rh2 41. Kd1 Ba3 42. b4 Rd2+ 43. Ke1 Rc2 44. Bb3 Rc1+ 45. Bd1 Bxb4+ 46. Kf1 Rxd1+ 47. Kg2 Kf4 48. e6 Rd2+ 49. Kg1 Bc5+ 50. Kf1 Kf3 51. Ke1 Rd5 52. Rb8 Bf2+ 53. Kf1 Rd1# 0-1

[Event "Moscow Philidor Memorial"]
[Site "Moscow"]
[Date "2013.08.16"]
[Round "3"]
[White "Kutuzov, Denis"]
[Black "Kostin, Konstantin"]
[Result "0-1"]
[WhiteElo "2343"]
[BlackElo "2301"]
[PlyCount "104"]
[EventDate "2013.08.13"]
[EventType "tourn"]
[EventRounds "9"]
[EventCountry "RUS"]
[EventCategory "2"]
[SourceTitle "CBM 156 Extra"]
[Source "ChessBase"]
[SourceDate "2013.10.22"]
[SourceVersion "1"]
[SourceVersionDate "2013.10.22"]
[SourceQuality "1"]

1. b4 d5 2. Bb2 Nf6 3. e3 Bf5 4. Nf3 e6 5. a3 a5 6. b5 Nbd7 7. c4 Bd6 8. cxd5 exd5 9. Be2 h6 10. 0-0 0-0 11. Nc3 Bh7 12. Na4 Qe7 13. Qb3 Rfd8 14. Rfc1 Nf8 15. Bxf6 Qxf6 16. Nc3 c6 17. bxc6 bxc6 18. d4 Rdb8 19. Qa2 Ra7 20. Na4 Rab7 21. g3 Bf5 22. Nd2 Nh7 23. Rxc6 Bd7 24. Qxd5 Bxc6 25. Qxc6 Rc7 26. Qd5 Ng5 27. Ne4 Nxe4 28. Qxe4 Qe7 29. Qxe7 Bxe7 30. Ra2 Rb3 31. Nc5 Bxc5 32. dxc5 Rxc5 33. a4 Rbc3 34. Rd2 g6 35. Bb5 Rc2 36. Rd4 Rb2 37. Rf4 Kg7 38. Be8 Rc7 39. h4 Re7 40. Bb5 Rb4 41. Rc4 Rxc4 42. Bxc4 Rc7 43. Bb5 Kf6 44. Kg2 Rc5 45. Ba6 Rc6 46. Bd3 Rc3 47. Bb5 Rb3 48. Bc6 Rb6 49. Be4 Ke5 50. Bd3 Rb4 51. Bc2 Kd5 52. Kf3 Kc4 0-1

[Event "Moscow Philidor Memorial"]
[Site "Moscow"]
[Date "2013.08.15"]
[Round "2"]
[White "Kostin, Konstantin"]
[Black "Reprintsev, Alexander"]
[Result "1/2-1/2"]
[WhiteElo "2301"]
[BlackElo "2338"]
[PlyCount "76"]
[EventDate "2013.08.13"]
[EventType "tourn"]
[EventRounds "9"]
[EventCountry "RUS"]
[EventCategory "2"]
[SourceTitle "CBM 156 Extra"]
[Source "ChessBase"]
[SourceDate "2013.10.22"]
[SourceVersion "1"]
[SourceVersionDate "2013.10.22"]
[SourceQuality "1"]

1. d4 d5 2. c4 dxc4 3. Nf3 a6 4. e3 b5 5. a4 Bb7 6. axb5 axb5 7. Rxa8 Bxa8 8. b3 e6 9. bxc4 bxc4 10. Bxc4 Bd6 11. Nc3 Nf6 12. Qa4+ Nbd7 13. Nb5 Bxf3 14. Nxd6+ cxd6 15. gxf3 0-0 16. Bd3 Nd5 17. Bd2 e5 18. Qb5 Nc7 19. Qc6 exd4 20. Qe4 Nf6 21. Qxd4 Ne6 22. Qa1 Nc5 23. Bc2 Nfd7 24. Bc3 Qg5 25. Kf1 f6 26. Qd1 Qh5 27. Kg2 Qg5+ 28. Kf1 Qh5 29. h4 Qf7 30. Kg2 Qe6 31. Qd4 Ne5 32. Rd1 Nf7 33. Bb4 Rc8 34. Qf4 g6 35. Qd4 Na6 36. Bd3 Nxb4 37. Qxb4 Kg7 38. Be4 Qc4 1/2-1/2

[Event "Izhevsk Corporation Cup 5th"]
[Site "Izhevsk"]
[Date "2013.07.19"]
[Round "8"]
[White "Foniak, Ivan"]
[Black "Kostin, Konstantin"]
[Result "0-1"]
[WhiteElo "2108"]
[BlackElo "2295"]
[PlyCount "82"]
[EventDate "2013.07.11"]
[EventType "swiss"]
[EventRounds "9"]
[EventCountry "RUS"]
[SourceTitle "EXT 2014"]
[Source "ChessBase"]
[SourceDate "2013.11.20"]
[SourceVersion "1"]
[SourceVersionDate "2013.11.20"]
[SourceQuality "1"]

1. e4 c5 2. Nf3 d6 3. d4 cxd4 4. Nxd4 Nf6 5. Nc3 a6 6. h3 e6 7. g4 d5 8. exd5 Nxd5 9. Nde2 Bb4 10. Bg2 Nc6 11. 0-0 Nxc3 12. Nxc3 0-0 13. Qf3 Bd6 14. Ne4 Be7 15. c3 Ne5 16. Qg3 Ng6 17. g5 e5 18. h4 Qc7 19. f4 exf4 20. Bxf4 Nxf4 21. Rxf4 Be6 22. Raf1 Bxa2 23. Qf3 Rad8 24. Kh1 Bc4 25. Rf2 Bd5 26. Qh5 Qe5 27. Rf5 Qe6 28. Qf3 Bc4 29. Rf4 Rd3 30. Qh5 Rfd8 31. Kh2 Qe5 32. Qg4 Re3 33. Ng3 Be6 34. Nf5 Bd6 35. Kg1 Re1+ 36. Rf1 Rxf1+ 37. Rxf1 Qh2+ 38. Kf2 Bc5+ 39. Ke1 Bxf5 40. Rxf5 Qg1+ 41. Rf1 Qe3+ 0-1

[Event "Izhevsk Corporation Cup 5th"]
[Site "Izhevsk"]
[Date "2013.07.15"]
[Round "4"]
[White "Nozhkin, Nikita"]
[Black "Kostin, Konstantin"]
[Result "1/2-1/2"]
[WhiteElo "2125"]
[BlackElo "2295"]
[PlyCount "60"]
[EventDate "2013.07.11"]
[EventType "swiss"]
[EventRounds "9"]
[EventCountry "RUS"]
[SourceTitle "EXT 2014"]
[Source "ChessBase"]
[SourceDate "2013.11.20"]
[SourceVersion "1"]
[SourceVersionDate "2013.11.20"]
[SourceQuality "1"]

1. e4 c5 2. c3 d5 3. exd5 Qxd5 4. d4 g6 5. Be3 cxd4 6. cxd4 Nh6 7. Nc3 Qd8 8. Nf3 Bg7 9. Bc4 0-0 10. 0-0 Nf5 11. Qd2 Nc6 12. Rfd1 a6 13. Ne4 Na5 14. Be2 b6 15. Rac1 Bb7 16. d5 Nxe3 17. fxe3 e6 18. dxe6 Qxd2 19. exf7+ Rxf7 20. Nfxd2 Bh6 21. Rc3 Re7 22. Bf3 Rd8 23. Re1 Bg7 24. Rc2 Nc6 25. Rec1 Ne5 26. Rc7 Rdd7 27. Rxd7 Rxd7 28. b3 Nd3 29. Rf1 Ne5 30. Rc1 Nd3 1/2-1/2

[Event "Izhevsk Corporation Cup 5th"]
[Site "Izhevsk"]
[Date "2013.07.14"]
[Round "3"]
[White "Kostin, Konstantin"]
[Black "Kharlov, Andrei"]
[Result "1/2-1/2"]
[WhiteElo "2295"]
[BlackElo "2504"]
[PlyCount "89"]
[EventDate "2013.07.11"]
[EventType "swiss"]
[EventRounds "9"]
[EventCountry "RUS"]
[SourceTitle "EXT 2014"]
[Source "ChessBase"]
[SourceDate "2013.11.20"]
[SourceVersion "1"]
[SourceVersionDate "2013.11.20"]
[SourceQuality "1"]

1. Nf3 c5 2. c4 Nc6 3. Nc3 g6 4. g3 Bg7 5. Bg2 e5 6. 0-0 d6 7. a3 Nge7 8. b4 cxb4 9. axb4 Nxb4 10. Ba3 Nbc6 11. Ne4 0-0 12. Nxd6 Qa5 13. Nxc8 Rfxc8 14. Bxe7 Qc7 15. Ba3 e4 16. Ng5 Bxa1 17. Qxa1 Qe5 18. Nxe4 Qxa1 19. Rxa1 Nd4 20. Nf6+ Kg7 21. Bxb7 Nc2 22. Bxa8 Nxa1 23. Bd5 Nc2 24. Bb2 a5 25. Nd7+ Kg8 26. Bc3 Nb4 27. Bb7 Rxc4 28. Nf6+ Kf8 29. Nxh7+ Ke7 30. Nf6 a4 31. Nd5+ Nxd5 32. Bxd5 Rc7 33. Ba2 Kd6 34. Kf1 g5 35. f3 f5 36. Kf2 Rh7 37. Kg2 Kc5 38. e3 a3 39. Bd4+ Kb5 40. h3 Rc7 41. Bc3 Kc5 42. Bd4+ Kb4 43. Bc3+ Kc5 44. Bd4+ Kb4 45. Bc3+ 1/2-1/2

[Event "Moscow Victory Day op"]
[Site "Moscow"]
[Date "2013.05.14"]
[Round "7"]
[White "Babikov, Ivan"]
[Black "Kostin, Konstantin"]
[Result "1-0"]
[WhiteElo "2290"]
[BlackElo "2292"]
[PlyCount "45"]
[EventDate "2013.05.04"]
[EventType "swiss"]
[EventRounds "9"]
[EventCountry "RUS"]
[SourceTitle "CBM 154 Extra"]
[Source "ChessBase"]
[SourceDate "2013.06.25"]
[SourceVersion "2"]
[SourceVersionDate "2013.06.25"]
[SourceQuality "1"]

1. e4 c6 2. d4 d5 3. exd5 cxd5 4. c4 Nf6 5. Nc3 g6 6. Nf3 Bg7 7. cxd5 0-0 8. Bc4 Nbd7 9. 0-0 Nb6 10. Bb3 Nbxd5 11. Ne5 Be6 12. Qf3 Qd6 13. Bg5 Rad8 14. Rfe1 Nxc3 15. bxc3 Bd5 16. Qh3 b5 17. Qh4 Qa6 18. Nd3 Qc6 19. Rac1 Bxg2 20. Rxe7 Ne4 21. Rxf7 Nxg5 22. Rxf8+ Kxf8 23. Qxg5 1-0